Pokémon - Attacken von Elevoltek in KA/PU - Statistiken

Allgemein
  • Dieses Quiz wurde 2 mal gespielt
  • Das Durchschnittsergebnis liegt bei 24 aus 66
Antwortstatistiken
Antwort % Korrekt
Delegator
100%
Donner
100%
Donnerblitz
100%
Donnerschlag
100%
Donnerschock
100%
Eishieb
100%
Elektrofeld
100%
Erdbeben
100%
Feuerschlag
100%
Hyperstrahl
100%
Psychokinese
100%
Schutzschild
100%
Bodycheck
50%
Bodyslam
50%
Dampfwalze
50%
Donnerstoß
50%
Donnerwelle
50%
Durchbruch
50%
Elektroball
50%
Erholung
50%
Flammenwurf
50%
Fokusstoß
50%
Fußkick
50%
Fußtritt
50%
Gigastoß
50%
Kreuzhieb
50%
Regentanz
50%
Risikotackle
50%
Schaufler
50%
Schlafrede
50%
Silberblick
50%
Spotlight
50%
Steinhagel
50%
Stromstoß
50%
Wegbereiter
50%
Abschlag
0%
Aufruhr
0%
Ausdauer
0%
Elektronetz
0%
Fassade
0%
Felsgrab
0%
Fruststampfer
0%
Hammerarm
0%
Kreideschrei
0%
Ladestrahl
0%
Ladevorgang
0%
Ladungsstoß
0%
Lichtschild
0%
Metallsound
0%
Meteorologe
0%
Metronom
0%
Mystowellen
0%
Offenlegung
0%
Power-Punch
0%
Protzer
0%
Raub
0%
Rechte Hand
0%
Reflektor
0%
Ruckzuckhieb
0%
Schleuder
0%
Schockwelle
0%
Sternschauer
0%
Tera-Ausbruch
0%
Verhöhner
0%
Voltwechsel
0%
Wuchtschlag
0%
Keine übereinstimmenden Quizze gefunden
Verteilung der Resultate
Anzahl Personen mit jedem Resultat
Perzentil nach korrekt beantworteten Fragen
Ihre Resultats-Entwicklung
Sie haben dieses Quiz noch nicht gespielt